000 00696nam a2200241 i 4500
001 C2-0221584
003 PPAK
005 20180728151059.0
008 991103s1999 my |||| ||||| | may d
020 _a9836259481
040 _aPPAK
_beng
_cPPAK
_erda
082 0 4 _a306.44959
_223
090 0 0 _a306.44959
_bPER
_dG
090 0 0 _a306.44959
_bPER
_dR
245 0 0 _aPerancangan bahasa di Asia Tenggara
264 1 _aKuala Lumpur :
_bDewan Bahasa dan Pustaka ,
_c1999
300 _axxi, 498 pages ;
_c22 cm
336 _2rdacontent
_atext
337 _2rdamedia
_aunmediated
338 _2rdacarrier
_avolume
650 1 0 _aLanguage planning - Asia, Southeastern - Congresses
942 _ddc
_cB
999 _c143160
_d143160